UBT Library

Atlas of human anatomy / (Record no. 42958)

000 -LEADER
fixed length control field 00647cam a2200217 a 4500
001 - CONTROL NUMBER
control field 4019864
005 - DATE AND TIME OF LATEST TRANSACTION
control field 20180220093404.0
008 - FIXED-LENGTH DATA ELEMENTS--GENERAL INFORMATION
fixed length control field 980508s1997 njuaf 001 0 eng
010 ## - LIBRARY OF CONGRESS CONTROL NUMBER
LC control number 97075710
020 ## - INTERNATIONAL STANDARD BOOK NUMBER
International Standard Book Number 0914168800
040 ## - CATALOGING SOURCE
Original cataloging agency DLC
Transcribing agency DLC
Modifying agency DLC
041 ## - LANGUAGE CODE
Language code of text/sound track or separate title eng
080 ## - UNIVERSAL DECIMAL CLASSIFICATION NUMBER
Universal Decimal Classification number 611.00222 NET
082 00 - DEWEY DECIMAL CLASSIFICATION NUMBER
Classification number 611.00222 NET
Edition number 21
100 1# - Rafti
Rafti 7
101 ## - Shkurtesa
Shkurtesa ANA
245 10 - TITLE STATEMENT
Title Atlas of human anatomy /
Statement of responsibility, etc by Frank H. Netter ; Arthur F. Dalley II, consulting editor.
906 ## - LOCAL DATA ELEMENT F, LDF (RLIN)
a 7
b cbc
c orignew
d 2
e opcn
f 19
g y-gencatlg
942 ## - ADDED ENTRY ELEMENTS (KOHA)
Source of classification or shelving scheme
Item type Books
Holdings
Withdrawn status Lost status Source of classification or shelving scheme Damaged status Not for loan Collection code Permanent location Current location Shelving location Date acquired Total Checkouts Full call number Barcode Date last seen Price effective from Koha item type
          Koleksioni i përgjithshem UBT - Lipjan UBT - Lipjan Koleksioni i përgjithshem 02/20/2018   611.00222 NET 002-2998297 02/20/2018 02/20/2018 Books
UBT Library © 2015-2024. All rights reserved University Education for Business and Technology